Caleta: fiesta del pescador

Saved in:
書目詳細資料
主要作者: Garrido Kusanovich, Carolina Andrea (Author)
格式: 圖書
語言:西班牙语
出版: Valparaíso Pontificia Universidad Católica de Valparaíso 2005
主題:
標簽: 添加標簽
沒有標簽, 成為第一個標記此記錄!

MARC

LEADER 00000nam a2200000 a 4500
001 UCK4394
003 CL-VaPUC
008 050603e20050000CL |||||||||||||||||spa|d
082 0 4 |a 745.2  |b GAR  |2 21 
100 |a Garrido Kusanovich, Carolina Andrea  |e author  |9 829639 
245 1 0 |a Caleta: fiesta del pescador 
300 |a Pág. irreg 
942 |c BK 
945 |d 20050603 00:00:00  |a jcarroza 
260 |a Valparaíso  |b Pontificia Universidad Católica de Valparaíso  |c 2005 
500 |a Carpeta de Ayudantía, tercero Diseño Industrial 
650 7 |a ENVASADO DE ALIMENTOS  |2 CL-VaPUC  |9 492906 
650 7 |a PAPEL  |2 CL-VaPUC  |9 492907 
650 0 |a Origami  |9 310849 
650 7 |a ENVASES  |2 CL-VaPUC  |9 341877 
650 7 |a TRABAJOS CON PAPEL  |2 CL-VaPUC  |9 307528 
650 0 |a Pesca artesanal   |9 261256 
583 |a last modification  |c 20050603 00:00:00  |k Rodrigo Vera 
999 |c 313272  |d 313270 
952 |0 0  |1 0  |4 0  |6 745_200000000000000_GAR_2005  |7 0  |8 R  |9 384511  |a BIBARQ  |b BIBARQ  |d 2019-11-22  |i 4115449  |l 1  |o 745.2 GAR 2005  |p 4115449  |r 2025-01-20  |s 2024-09-26  |w 2019-11-22  |y BK_R  |k ARQ